|
|
|
|
| LEADER |
01274nam a2200409 4500 |
| 001 |
DLU090096385 |
| 005 |
##20091201 |
| 040 |
# |
# |
|a DLU
|b eng
|
| 041 |
# |
# |
|a eng
|
| 044 |
# |
# |
|a us
|
| 245 |
# |
# |
|a The faeA genes from Aspergillus niger and Aspergillus tubingensis encode ferulic acid esterases involved in degradation of complex cell wall polysaccharides /
|c R. P. de Vries ... [et al.].
|
| 653 |
# |
# |
|a Aspergillus niger
|
| 653 |
# |
# |
|a Comparative study
|
| 653 |
# |
# |
|a Fungi
|
| 653 |
# |
# |
|a Gene expression
|
| 653 |
# |
# |
|a Homology
|
| 653 |
# |
# |
|a Molecular cloning
|
| 653 |
# |
# |
|a Sequence alignment
|
| 700 |
# |
# |
|a Faulds, C. B.
|
| 700 |
# |
# |
|a Heuvel, R. H. van den.
|
| 700 |
# |
# |
|a Hombergh, J. P. van den.
|
| 700 |
# |
# |
|a Kroon, P. A.
|
| 700 |
# |
# |
|a Michelsen, B.
|
| 700 |
# |
# |
|a Poulsen, C. H.
|
| 700 |
# |
# |
|a Visser, J.
|
| 700 |
# |
# |
|a Vries, R. P. de.
|
| 700 |
# |
# |
|a Williamson, G.
|
| 773 |
# |
# |
|t Applied and Environmental Microbiology
|g Vol. 63, no. 12 (December 1997), p. 4638-4644
|
| 920 |
# |
# |
|a Phòng Tạp chí -- Trung tâm Thông tin - Thư viện Trường Đại học Đà Lạt
|
| 994 |
# |
# |
|a DLU
|
| 900 |
# |
# |
|a True
|
| 911 |
# |
# |
|a Trương Bảo Trâm Anh
|
| 925 |
# |
# |
|a G
|
| 926 |
# |
# |
|a A
|
| 927 |
# |
# |
|a BB
|
| 980 |
# |
# |
|a Thư viện Trường Đại học Đà Lạt
|